000 00668nam a2200241Ia 4500
003 OSt
005 20220927105717.0
006 a|||||r|||| 00| 0
007 ta
008 220926b |||||||| |||| 00| 0 eng d
020 _a0 582 50294 2
024 _a200921
037 _cReference Collections
040 _aRTL
_cRTL
_beng
041 _2eng
_aeng
082 _a"n1,L59, L9/RR"
100 _aHodson H.V.
_9374321
245 0 _aAnnual register
_b A record of world events 1979
260 _aLondon
_bLongman
_c1980
300 _a"xvi, 568p."
_ccm.
942 _h"n1,L59, L9/RR"
_cCC
999 _c694023
_d694023